Statistics for Michigan vs. Washington

Click here to take the quiz!

General Stats

  • This quiz has been taken 8,088 times
  • The average score is 12 of 15

Answer Stats

QuestionAnswer% Correct
Borders at least one of the Great LakesMichigan
98%
Is on the Pacific OceanWashington
98%
Has active volcanoesWashington
93%
Has heavier, taller, and older treesWashington
91%
Has a Canadian border crossingBoth
88%
Its largest city was founded by the FrenchMichigan
83%
Borders a state whose name starts with OBoth
82%
Has the higher population of the two statesMichigan
81%
Is home to the Dominos and Little Caesar's pizza chainsMichigan
81%
Is the birthplace of grunge rocker Kurt CobainWashington
78%
Has more Arab-Americans (by percentage) than any other stateMichigan
73%
Is the further north of the two states by average latitudeWashington
65%
Has a team in each of the four major pro sports leagues (MLB, NFL, NBA, NHL)Michigan
57%
Has a company with a market valuation over $1 trillionWashington
56%
Sent a rowing team to the Olympics in 1936 – featured in the movie "The Boys in the Boat"Washington
55%

Score Distribution

Percentile by Number Answered

Percent of People with Each Score

Your Score History

You have not taken this quiz